00457nam a22001697a 450000500170000001000140001702000110003103500130004203700130005508200150006810000200008324500820010326000310018527000460021630000220026270000030028420100726135359.0 aENG-97101 c600.00 aEN-80634 bDBAD/PUB a294.592146 a.., Avtar Singh aThe bleeding limbs of the sikhs :cAvtar Singh Gillbstark reality revealed / aPunjabbJaswant Publisher  a41/-100-j,Bhai Ranbir singh NagarbPunjab a414p.c23cm (pbk)